000
00262nam a2200109 a 4500
005
20140414131916.0
008
101019s19uu xx 00 eng d
050
_a
ER
_b
B11 1997
245
_a
Bambi.
260
_a
New York :
_b
Golden book,
_c
1997.
999
_c
111505
_d
111505